Tobias ou La croisée des chemins : roman /

Salvato in:
Dettagli Bibliografici
Autore principale: Tapie, Jean-Paul
Natura: Libro
Lingua:francese
Pubblicazione: Le Triadou : H&O, 2011
Tags: Aggiungi Tag
Nessun Tag, puoi essere il primo ad aggiungerne!!

MARC

LEADER 00000nam a22000007i 4500
001 IT\ICCU\UBO\4888716
003 ItRI
005 20260115232019.0
008 250703s2011 fr |||||| ||||| |||||c
020 |a 9782845472419 
040 |b ita  |c importazione bologna sebina 
041 7 |a fre  |2 ISO-639-2 
100 1 |a Tapie, Jean-Paul  |0 IT\ICCU\UBOV\158669 
240 1 0 |a Tobias ou La croisée des chemins  |3 IT\ICCU\UBO\4888718  |9 Tapie, Jean-Paul 
245 1 0 |a Tobias ou La croisée des chemins :  |b roman /  |c Jean-Paul Tapie. 
246 1 3 |a La croisée des chemins  |9 IT\ICCU\UBO\4888721 
260 |a Le Triadou :  |b H&O,  |c 2011 
300 |a 334 p. ;  |c  24 cm 
942 |2 ddc  |c BK  |n 0 
952 |0 0  |1 0  |4 0  |6 DOC_843_920000000000000_TAP  |7 0  |9 18896  |a BO  |b BO  |d 2026-01-15  |i 20935  |l 0  |o DOC 843.92 TAP  |p BO20935  |r 2026-01-15 23:20:19  |w 2026-01-15  |x [Sebina 5] [1 v.]  |y BK  |z 1 v. 
999 |c 16055  |d 16055